|
|
|
|
| LEADER |
00875nam a2200265 4500 |
| 001 |
DLU120139949 |
| 005 |
##20120821 |
| 040 |
# |
# |
|a DLU
|b vie
|
| 041 |
# |
# |
|a vie
|
| 044 |
# |
# |
|a vn
|
| 100 |
# |
# |
|a Nguyễn Tất thắng,
|c ThS.
|
| 245 |
# |
# |
|a Tích hợp giáo dục biến đổi khí hậu trong dạy học trồng trọt, lâm nghiệp môn công nghệ 10 trung học phổ thông /
|c Nguyễn Tất thắng.
|
| 653 |
# |
# |
|a Bảo vệ môi trường
|
| 653 |
# |
# |
|a Biến đổi khí hậu
|
| 653 |
# |
# |
|a Hệ sinh thái
|
| 773 |
# |
# |
|t Tạp chí Giáo dục
|g Số 8(244), 2010, tr. 52-54
|
| 920 |
# |
# |
|a Phòng Tạp chí -- Trung tâm Thông tin - Thư viện Trường Đại học Đà Lạt
|
| 994 |
# |
# |
|a DLU
|
| 900 |
# |
# |
|a True
|
| 911 |
# |
# |
|a Nguyễn Thị Linh Chi
|
| 925 |
# |
# |
|a G
|
| 926 |
# |
# |
|a A
|
| 927 |
# |
# |
|a BB
|
| 980 |
# |
# |
|a Thư viện Trường Đại học Đà Lạt
|